Āorāde hākkānī. (Record no. 61799)
[ view plain ]
| 000 -LEADER | |
|---|---|
| fixed length control field | 00546cam a22002291 4500 |
| 001 - CONTROL NUMBER | |
| control field | sa 65000903 |
| 003 - CONTROL NUMBER IDENTIFIER | |
| control field | DLC |
| 005 - DATE AND TIME OF LATEST TRANSACTION | |
| control field | 20260227112106.0 |
| 008 - FIXED-LENGTH DATA ELEMENTS--GENERAL INFORMATION | |
| fixed length control field | 940617s1962 ii 000 0 beno |
| 010 ## - LIBRARY OF CONGRESS CONTROL NUMBER | |
| LC control number | sa 65000903 |
| 025 ## - OVERSEAS ACQUISITION NUMBER | |
| Overseas acquisition number | PL480:EP-B-340 |
| 035 ## - SYSTEM CONTROL NUMBER | |
| System control number | (OCoLC)30622731 |
| 040 ## - CATALOGING SOURCE | |
| Original cataloging agency | DLC |
| Transcribing agency | CU |
| Modifying agency | CU |
| -- | DLC |
| 041 0# - LANGUAGE CODE | |
| Language code of text/sound track or separate title | benara |
| 050 00 - LIBRARY OF CONGRESS CALL NUMBER | |
| Classification number | BP87.5 |
| Item number | .H3 |
| 100 1# - MAIN ENTRY--PERSONAL NAME | |
| Personal name | Haqqani, Golam. |
| 245 10 - TITLE STATEMENT | |
| Title | Āorāde hākkānī. |
| 260 ## - PUBLICATION, DISTRIBUTION, ETC. | |
| Date of publication, distribution, etc. | 1962. |
| 300 ## - PHYSICAL DESCRIPTION | |
| Extent | 54 p. |
| Dimensions | 22 cm. |
| 500 ## - GENERAL NOTE | |
| General note | Bengali or Arabic. |
| 650 #0 - SUBJECT ADDED ENTRY--TOPICAL TERM | |
| Topical term or geographic name entry element | Islamic literature. |
No items available.